Introduction to medical imaging (Record no. 39304)

000 -LEADER
fixed length control field 00626nam a22002177a 4500
001 - CONTROL NUMBER
control field 39304
003 - CONTROL NUMBER IDENTIFIER
control field BD-DhUET
008 - FIXED-LENGTH DATA ELEMENTS--GENERAL INFORMATION
fixed length control field 160816b xxu||||| |||| 00| 0 eng d
020 ## - INTERNATIONAL STANDARD BOOK NUMBER
International Standard Book Number 9780521190657
040 ## - CATALOGING SOURCE
Transcribing agency 0
Modifying agency BD-DhUET
082 ## - DEWEY DECIMAL CLASSIFICATION NUMBER
Classification number 616.0754
Item number SMI/2011
100 ## - MAIN ENTRY--PERSONAL NAME
Personal name Smith, Nadine Barrie
245 ## - TITLE STATEMENT
Title Introduction to medical imaging
Remainder of title physics, engineering and clinical applications
250 ## - EDITION STATEMENT
Edition statement 1st ed.
260 ## - PUBLICATION, DISTRIBUTION, ETC. (IMPRINT)
Place of publication, distribution, etc. Cambridge
Name of publisher, distributor, etc. Cambridge University Press
Date of publication, distribution, etc. 2011
300 ## - PHYSICAL DESCRIPTION
Extent xii,286p.
504 ## - BIBLIOGRAPHY, ETC. NOTE
Bibliography, etc Includes bibliographies
650 #0 - SUBJECT ADDED ENTRY--TOPICAL TERM
Topical term or geographic name as entry element Diagnostic imaging-Digital techniques
700 ## - ADDED ENTRY--PERSONAL NAME
Personal name Webb, Andrew
942 ## - ADDED ENTRY ELEMENTS (KOHA)
Koha item type General Book
Holdings
Koha date last borrowed Sublocation or collection (holding branch) Location (home branch) Koha full call number Koha issues (times borrowed) Shelving location Date acquired Damaged status Koha date last seen Koha item type Lost status Withdrawn status Not for loan Copy number Source of classification or shelving scheme Piece designation (barcode) Koha renewals Koha normalized classification for sorting Price effective from Koha out on loan
2022-02-26Central Library, BUETCentral Library, BUET616.0754/SMI/20112Circulation section2016-08-16 2022-02-26General Book   1 1146732616_075400000000000_SMI_20112016-08-162025-11-29
 Central Library, BUETCentral Library, BUET616.0754/SMI/2011 Circulation section2016-08-16 2016-08-16General Book   2 114674 616_075400000000000_SMI_20112016-08-16 
2025-11-29Central Library, BUETCentral Library, BUET616.0754/SMI/20111Circulation section2025-04-30 2025-11-29General Book   3 120320 616_075400000000000_SMI_20112025-07-022026-11-29
 Central Library, BUETCentral Library, BUET616.0754/SMI/2011 Circulation section2025-04-30 2025-07-02General Book   4 120321 616_075400000000000_SMI_20112025-07-02 
 Central Library, BUETCentral Library, BUET616.0754/SMI/2011 Circulation section2025-04-30 2025-07-02General Book   5 120322 616_075400000000000_SMI_20112025-07-02